000 02274cam a22004214i 4500
003 PE-LiUPU
005 20250731173215.0
008 150625s r 000 0 d
035 _a(Sirsi) a32775
040 _aPE-LiUPU
_bspa
_cPE-LiUPU
_erda
082 0 4 _a220.63
_bCh27
_221
100 1 _aChavez, Moises,
_eautor.
245 1 0 _aHermeneutica: el arte de la parafrasis libre.
264 1 _aMiami :
_bCaribe,
_c1979.
336 _atext
_2rdacontent
337 _aunmediated
_2rdamedia
338 _avolume
_2rdacarrier
505 0 _aAntologia de los poemas en parafrasis libre: Dios versus ateos anonimos(Job 38:1 - 40:1), Sostengo que soy justo(Job 27:1 - 11), Felicidad multifacetica(Salmo 1), ¡Oh YHWH, Señor nuestro!, El espacio nos habla, Lámed(Salmo 139:89-96), Tu eres mi creador(Salmo 139:13-18), modelo de mujer(Proverbios 31:10-31), Todo tiene su tiempo(Eclesiastes 3:1-8). - Comentarios de los poemas: Dios versus ateos anonimos, Sostengo que yo soy justo, Felicidad multifacetica, ¡Oh YHWH, nuestro Señor!, El espacio nos habla, Lamed, Tu eres mi creador, Modelo de mujer,Todo tiene su tiempo, ¡Qué bellos son tus pies!, Recuerda a tu creador. - Sintesis de la tecnica de la parafrasis libre: Metodologia de la parafrasis libre, Parafrasis libre de poemas sapienciales.
526 _aSEG42
526 _aSEG41
526 _aSEG40
526 _aSEG39
526 _aP94
526 _aP87
526 _aP86
526 _aP85
526 _aP77
526 _aP76
526 _aP35
942 _2ddc
_cBOOK
949 _a220.63 Ch27
_wDEWEY
_c1
_i22212
_lCCODEBUL1
_mBUL
_p00.00
_r0
_sY
_tBOOK
_u2015-06-25
_xBIBLIOTECA
_zUNKNOWN
_0COMPRA
_o.STAFF. Colección General
949 _a220.63 Ch27
_wDEWEY
_c2
_i20074
_lCCODEBUL1
_mBUL
_p00.00
_r0
_sY
_tBOOK
_u2015-06-25
_xBIBLIOTECA
_zUNKNOWN
_0COMPRA
_o.STAFF. Colección General
596 _a1
999 _a220.63 CH27
_wDEWEY
_c40464
_i22212
_d40464
_f2021-11-11
_g5
_lCCODEBUL1
_mBUL
_q1
_r0
_sY
_tBOOK
_u2015-6-25
_xTEOLOGIA
_zUNKNOWN
_0COMPRA
_o.STAFF. Colección General
999 _a220.63 CH27
_wDEWEY
_c2
_i20074
_d2018-5-7
_f2021-11-11
_g4
_lCCODEBUL1
_mBUL
_q1
_r0
_sY
_tBOOK
_u2015-6-25
_xTEOLOGIA
_zUNKNOWN
_0COMPRA
_o.STAFF. Colección General
980 _81
_gALBERTO SANCHEZ Responsable de Automatización